Đại số tuyến tính Giáo trình Cao đẳng sư phạm
Trình bày các khái niệm và kiến thức cơ bản về: Định thức, không gian véc tơ, ánh xạ tuyến tính, hệ phương trình tuyến tính, ma trận, dạng song tuyến và dạng toàn phương, quy hoạch tuyến tính.
Đã lưu trong:
| Tác giả chính: | |
|---|---|
| Định dạng: | Sách |
| Năm xuất bản: |
H.
Đại học sư phạm
2004
|
| Chủ đề: | |
| Tags: |
Thêm thẻ
Không có thẻ, Hãy là người đầu tiên gắn thẻ bản ghi này!
|
| LEADER | 10198nam a2200709 4500 | ||
|---|---|---|---|
| 082 | |a 512 |b NG527D | ||
| 100 | |a Nguyễn Duy Thuận | ||
| 245 | |a Đại số tuyến tính |b Giáo trình Cao đẳng sư phạm |c Nguyễn Duy Thuận (chủ biên),Phí Mạnh Ban,Nông Quốc Chinh | ||
| 260 | |a H. |b Đại học sư phạm |c 2004 | ||
| 300 | |a 406tr. |c 24cm | ||
| 500 | |a Đầu bìa sách ghi: Bộ giáo dục và đào tạo. Dự án đào tạo giáo viên THCS. | ||
| 520 | |a Trình bày các khái niệm và kiến thức cơ bản về: Định thức, không gian véc tơ, ánh xạ tuyến tính, hệ phương trình tuyến tính, ma trận, dạng song tuyến và dạng toàn phương, quy hoạch tuyến tính. | ||
| 653 | |a Toán học | ||
| 653 | |a Đại số tuyến tính | ||
| 653 | |a Giáo trình | ||
| 942 | |2 ddc |c STK | ||
| 999 | |c 2931 |d 2931 | ||
| 952 | |0 0 |1 0 |2 ddc |4 0 |6 512_000000000000000_NG527D |7 1 |8 500 |9 33895 |a qbu |b qbu |c D3 |d 2014-12-15 |g 40000 |o 512 NG527D |p 1319.C1 |r 0000-00-00 |w 2014-12-15 |y STK |0 0 |6 512_000000000000000_NG527D |0 0 | ||
| 952 | |0 0 |1 0 |2 ddc |4 0 |6 512_000000000000000_NG527D |7 0 |8 500 |9 33897 |a qbu |b qbu |c D3 |d 2014-12-15 |g 40000 |l 3 |o 512 NG527D |p 1319.C2 |r 2016-02-15 |s 2015-12-22 |w 2014-12-15 |y STK |0 0 |6 512_000000000000000_NG527D |0 0 |0 0 | ||
| 952 | |0 0 |1 0 |2 ddc |4 0 |6 512_000000000000000_NG527D |7 0 |8 500 |9 33898 |a qbu |b qbu |c D3 |d 2014-12-15 |g 40000 |l 1 |o 512 NG527D |p 1319.C3 |r 2015-08-05 |s 2015-06-25 |w 2014-12-15 |y STK |0 0 |6 512_000000000000000_NG527D |0 0 |0 0 | ||
| 952 | |0 0 |1 0 |2 ddc |4 0 |6 512_000000000000000_NG527D |7 0 |8 500 |9 33899 |a qbu |b qbu |c D3 |d 2014-12-15 |g 40000 |o 512 NG527D |p 1319.C4 |r 0000-00-00 |w 2014-12-15 |y STK |0 0 |6 512_000000000000000_NG527D |0 0 |0 0 | ||
| 952 | |0 0 |1 0 |2 ddc |4 0 |6 512_000000000000000_NG527D |7 0 |8 500 |9 33900 |a qbu |b qbu |c D3 |d 2014-12-15 |g 40000 |l 1 |o 512 NG527D |p 1319.C5 |r 2016-01-19 |s 2016-01-18 |w 2014-12-15 |y STK |0 0 |6 512_000000000000000_NG527D |0 0 |0 0 | ||
| 952 | |0 0 |1 0 |2 ddc |4 0 |6 512_000000000000000_NG527D |7 0 |8 500 |9 33901 |a qbu |b qbu |c D3 |d 2014-12-15 |g 40000 |l 1 |o 512 NG527D |p 1319.C6 |r 2016-01-28 |s 2015-12-22 |w 2014-12-15 |y STK |0 0 |6 512_000000000000000_NG527D |0 0 |0 0 | ||
| 952 | |0 0 |1 0 |2 ddc |4 0 |6 512_000000000000000_NG527D |7 0 |8 500 |9 33902 |a qbu |b qbu |c D3 |d 2014-12-15 |g 40000 |l 2 |o 512 NG527D |p 1319.C7 |r 2016-01-28 |s 2015-12-23 |w 2014-12-15 |y STK |0 0 |6 512_000000000000000_NG527D |0 0 |0 0 | ||
| 952 | |0 0 |1 0 |2 ddc |4 0 |6 512_000000000000000_NG527D |7 0 |8 500 |9 33903 |a qbu |b qbu |c D3 |d 2014-12-15 |g 40000 |l 2 |m 2 |o 512 NG527D |p 1319.C8 |r 2019-09-09 |s 2019-08-21 |w 2014-12-15 |y STK |0 0 |6 512_000000000000000_NG527D |0 0 |0 0 | ||
| 952 | |0 0 |1 0 |2 ddc |4 0 |6 512_000000000000000_NG527D |7 0 |8 500 |9 33904 |a qbu |b qbu |c D3 |d 2014-12-15 |g 40000 |l 1 |o 512 NG527D |p 1319.C9 |r 2015-09-01 |s 2015-06-26 |w 2014-12-15 |y STK |0 0 |6 512_000000000000000_NG527D |0 0 |0 0 | ||
| 952 | |0 0 |1 0 |2 ddc |4 0 |6 512_000000000000000_NG527D |7 0 |8 500 |9 33905 |a qbu |b qbu |c D3 |d 2014-12-15 |g 40000 |l 1 |o 512 NG527D |p 1319.C10 |r 2015-08-27 |s 2015-06-26 |w 2014-12-15 |y STK |0 0 |6 512_000000000000000_NG527D |0 0 |0 0 | ||
| 952 | |0 0 |1 0 |2 ddc |4 0 |6 512_000000000000000_NG527D |7 0 |8 500 |9 33906 |a qbu |b qbu |c D3 |d 2014-12-15 |g 40000 |l 1 |o 512 NG527D |p 1319.C11 |r 2015-10-02 |s 2015-06-26 |w 2014-12-15 |y STK |0 0 |6 512_000000000000000_NG527D |0 0 |0 0 | ||
| 952 | |0 0 |1 0 |2 ddc |4 0 |6 512_000000000000000_NG527D |7 0 |8 500 |9 33907 |a qbu |b qbu |c D3 |d 2014-12-15 |g 40000 |l 2 |m 1 |o 512 NG527D |p 1319.C12 |r 2016-01-21 |s 2015-11-23 |w 2014-12-15 |y STK |0 0 |6 512_000000000000000_NG527D |0 0 |0 0 | ||
| 952 | |0 0 |1 0 |2 ddc |4 0 |6 512_000000000000000_NG527D |7 0 |8 500 |9 33908 |a qbu |b qbu |c D3 |d 2014-12-15 |g 40000 |l 1 |o 512 NG527D |p 1319.C13 |r 2016-01-25 |s 2015-12-01 |w 2014-12-15 |y STK |0 0 |6 512_000000000000000_NG527D |0 0 |0 0 | ||
| 952 | |0 0 |1 0 |2 ddc |4 0 |6 512_000000000000000_NG527D |7 0 |8 500 |9 33909 |a qbu |b qbu |c D3 |d 2014-12-15 |g 40000 |l 4 |m 1 |o 512 NG527D |p 1319.C14 |r 2016-01-22 |s 2016-01-18 |w 2014-12-15 |y STK |0 0 |6 512_000000000000000_NG527D |0 0 |0 0 | ||
| 952 | |0 0 |1 0 |2 ddc |4 0 |6 512_000000000000000_NG527D |7 0 |8 500 |9 33910 |a qbu |b qbu |c D3 |d 2014-12-15 |g 40000 |l 3 |o 512 NG527D |p 1319.C15 |r 2015-11-13 |s 2015-08-19 |w 2014-12-15 |y STK |0 0 |6 512_000000000000000_NG527D |0 0 |0 0 | ||
| 952 | |0 0 |1 0 |2 ddc |4 0 |6 512_000000000000000_NG527D |7 0 |8 500 |9 33911 |a qbu |b qbu |c D3 |d 2014-12-15 |g 40000 |l 2 |m 1 |o 512 NG527D |p 1319.C16 |r 2015-12-23 |s 2015-08-19 |w 2014-12-15 |y STK |0 0 |6 512_000000000000000_NG527D |0 0 |0 0 | ||
| 952 | |0 0 |1 0 |2 ddc |4 0 |6 512_000000000000000_NG527D |7 0 |8 500 |9 33912 |a qbu |b qbu |c D3 |d 2014-12-15 |g 40000 |l 6 |m 3 |o 512 NG527D |p 1319.C17 |r 2019-11-26 |s 2019-11-08 |w 2014-12-15 |y STK |0 0 |6 512_000000000000000_NG527D |0 0 |0 0 | ||
| 952 | |0 0 |1 0 |2 ddc |4 0 |6 512_000000000000000_NG527D |7 0 |8 500 |9 33913 |a qbu |b qbu |c D3 |d 2014-12-15 |g 40000 |l 4 |m 2 |o 512 NG527D |p 1319.C18 |r 2019-09-17 |s 2019-08-21 |w 2014-12-15 |y STK |0 0 |6 512_000000000000000_NG527D |0 0 |0 0 | ||
| 952 | |0 0 |1 0 |2 ddc |4 0 |6 512_000000000000000_NG527D |7 0 |8 500 |9 33914 |a qbu |b qbu |c D3 |d 2014-12-15 |g 40000 |l 6 |m 3 |o 512 NG527D |p 1319.C19 |r 2019-12-06 |s 2019-09-16 |w 2014-12-15 |y STK |0 0 |6 512_000000000000000_NG527D |0 0 |0 0 | ||
| 952 | |0 0 |1 0 |2 ddc |4 0 |6 512_000000000000000_NG527D |7 0 |8 500 |9 33915 |a qbu |b qbu |c D3 |d 2014-12-15 |g 40000 |l 3 |o 512 NG527D |p 1319.C20 |r 2016-04-08 |s 2016-03-28 |w 2014-12-15 |y STK |0 0 |6 512_000000000000000_NG527D |0 0 |0 0 | ||
| 952 | |0 0 |1 0 |2 ddc |4 0 |6 512_000000000000000_NG527D |7 0 |8 500 |9 33916 |a qbu |b qbu |c D3 |d 2014-12-15 |g 40000 |l 2 |m 1 |o 512 NG527D |p 1319.C21 |r 2015-12-16 |s 2015-08-19 |w 2014-12-15 |y STK |0 0 |6 512_000000000000000_NG527D |0 0 |0 0 | ||
| 952 | |0 0 |1 0 |2 ddc |4 0 |6 512_000000000000000_NG527D |7 0 |8 500 |9 33917 |a qbu |b qbu |c D3 |d 2014-12-15 |g 40000 |l 1 |o 512 NG527D |p 1319.C22 |r 2015-08-05 |s 2015-06-23 |w 2014-12-15 |y STK |0 0 |6 512_000000000000000_NG527D |0 0 |0 0 | ||
| 952 | |0 0 |1 0 |2 ddc |4 0 |6 512_000000000000000_NG527D |7 0 |8 500 |9 33918 |a qbu |b qbu |c D3 |d 2014-12-15 |g 40000 |l 1 |o 512 NG527D |p 1319.C23 |r 2015-08-05 |s 2015-06-24 |w 2014-12-15 |y STK |0 0 |6 512_000000000000000_NG527D |0 0 |0 0 | ||
| 952 | |0 0 |1 0 |2 ddc |4 0 |6 512_000000000000000_NG527D |7 0 |8 500 |9 33919 |a qbu |b qbu |c D3 |d 2014-12-15 |g 40000 |l 3 |m 1 |o 512 NG527D |p 1319.C24 |r 2019-09-05 |s 2019-08-21 |w 2014-12-15 |y STK |0 0 |6 512_000000000000000_NG527D |0 0 |0 0 | ||
| 952 | |0 0 |1 0 |2 ddc |4 0 |6 512_000000000000000_NG527D |7 0 |8 500 |9 33920 |a qbu |b qbu |c D3 |d 2014-12-15 |g 40000 |l 3 |m 1 |o 512 NG527D |p 1319.C25 |r 2016-01-20 |s 2015-12-23 |w 2014-12-15 |y STK |0 0 |6 512_000000000000000_NG527D |0 0 |0 0 | ||
| 952 | |0 0 |1 0 |2 ddc |4 0 |6 512_000000000000000_NG527D |7 0 |8 500 |9 33921 |a qbu |b qbu |c D3 |d 2014-12-15 |g 40000 |l 1 |m 1 |o 512 NG527D |p 1319.C26 |r 2015-12-16 |s 2015-08-19 |w 2014-12-15 |y STK |0 0 |6 512_000000000000000_NG527D |0 0 |0 0 | ||
| 952 | |0 0 |1 0 |2 ddc |4 0 |6 512_000000000000000_NG527D |7 0 |8 500 |9 33922 |a qbu |b qbu |c D3 |d 2014-12-15 |g 40000 |l 6 |m 5 |o 512 NG527D |p 1319.C27 |r 2021-06-08 |s 2021-05-27 |w 2014-12-15 |y STK |0 0 |6 512_000000000000000_NG527D |0 0 |0 0 | ||
| 952 | |0 0 |1 0 |2 ddc |4 0 |6 512_000000000000000_NG527D |7 0 |8 500 |9 33923 |a qbu |b qbu |c D3 |d 2014-12-15 |g 40000 |l 2 |o 512 NG527D |p 1319.C28 |r 2016-04-04 |s 2015-12-28 |w 2014-12-15 |y STK |0 0 |6 512_000000000000000_NG527D |0 0 |0 0 | ||
| 952 | |0 0 |1 0 |2 ddc |4 0 |6 512_000000000000000_NG527D |7 0 |8 500 |9 33924 |a qbu |b qbu |c D3 |d 2014-12-15 |g 40000 |l 3 |o 512 NG527D |p 1319.C29 |r 2016-01-28 |s 2015-12-22 |w 2014-12-15 |y STK |0 0 |6 512_000000000000000_NG527D |0 0 |0 0 | ||
| 952 | |0 0 |1 0 |2 ddc |4 0 |6 512_000000000000000_NG527D |7 0 |8 500 |9 33925 |a qbu |b qbu |c D3 |d 2014-12-15 |g 40000 |l 3 |m 1 |o 512 NG527D |p 1319.C30 |r 2016-01-19 |s 2016-01-13 |w 2014-12-15 |y STK |0 0 |6 512_000000000000000_NG527D |0 0 |0 0 | ||
| 952 | |0 0 |1 0 |2 ddc |4 0 |6 512_000000000000000_NG527D |7 0 |8 500 |9 33926 |a qbu |b qbu |c D3 |d 2014-12-15 |g 40000 |l 5 |m 1 |o 512 NG527D |p 1319.C31 |r 2016-02-17 |s 2016-01-18 |w 2014-12-15 |y STK |0 0 |6 512_000000000000000_NG527D |0 0 |0 0 | ||
| 952 | |0 0 |1 0 |2 ddc |4 0 |6 512_000000000000000_NG527D |7 0 |8 500 |9 33927 |a qbu |b qbu |c D3 |d 2014-12-15 |g 40000 |l 9 |m 1 |o 512 NG527D |p 1319.C32 |r 2019-08-22 |s 2019-08-19 |w 2014-12-15 |y STK |0 0 |6 512_000000000000000_NG527D |0 0 |0 0 | ||
| 952 | |0 0 |1 0 |2 ddc |4 0 |6 512_000000000000000_NG527D |7 0 |8 500 |9 33928 |a qbu |b qbu |c D3 |d 2014-12-15 |g 40000 |l 4 |o 512 NG527D |p 1319.C33 |r 2016-03-01 |s 2015-12-21 |w 2014-12-15 |y STK |0 0 |6 512_000000000000000_NG527D |0 0 |0 0 | ||
| 952 | |0 0 |1 0 |2 ddc |4 0 |6 512_000000000000000_NG527D |7 0 |8 500 |9 33929 |a qbu |b qbu |c D3 |d 2014-12-15 |g 40000 |l 5 |m 2 |o 512 NG527D |p 1319.C34 |r 2016-12-23 |s 2016-09-16 |w 2014-12-15 |y STK |0 0 |6 512_000000000000000_NG527D |0 0 |0 0 | ||
| 952 | |0 0 |1 0 |2 ddc |4 0 |6 512_000000000000000_NG527D |7 0 |8 500 |9 33930 |a qbu |b qbu |c D3 |d 2014-12-15 |g 40000 |l 3 |o 512 NG527D |p 1319.C35 |r 2015-10-28 |s 2015-09-01 |w 2014-12-15 |y STK |0 0 |6 512_000000000000000_NG527D |0 0 |0 0 | ||
| 952 | |0 0 |1 0 |2 ddc |4 0 |6 512_000000000000000_NG527D |7 0 |8 500 |9 33931 |a qbu |b qbu |c D3 |d 2014-12-15 |g 40000 |l 3 |m 2 |o 512 NG527D |p 1319.C36 |r 2019-09-05 |s 2019-08-22 |w 2014-12-15 |y STK |0 0 |6 512_000000000000000_NG527D |0 0 |0 0 | ||
| 952 | |0 0 |1 0 |2 ddc |4 0 |6 512_000000000000000_NG527D |7 0 |8 500 |9 33932 |a qbu |b qbu |c D3 |d 2014-12-15 |g 40000 |l 2 |o 512 NG527D |p 1319.C37 |r 2015-08-17 |s 2015-06-22 |w 2014-12-15 |y STK |0 0 |6 512_000000000000000_NG527D |0 0 |0 0 | ||
| 952 | |0 0 |1 0 |2 ddc |4 0 |6 512_000000000000000_NG527D |7 0 |8 500 |9 33933 |a qbu |b qbu |c D3 |d 2014-12-15 |g 40000 |l 2 |o 512 NG527D |p 1319.C38 |r 2015-11-16 |s 2015-08-27 |w 2014-12-15 |y STK |0 0 |6 512_000000000000000_NG527D |0 0 |0 0 | ||
| 952 | |0 0 |1 0 |2 ddc |4 0 |6 512_000000000000000_NG527D |7 0 |8 500 |9 33934 |a qbu |b qbu |c D3 |d 2014-12-15 |g 40000 |l 2 |o 512 NG527D |p 1319.C39 |r 2016-01-28 |s 2015-11-23 |w 2014-12-15 |y STK |0 0 |6 512_000000000000000_NG527D |0 0 |0 0 | ||
| 952 | |0 0 |1 0 |2 ddc |4 0 |6 512_000000000000000_NG527D |7 0 |8 500 |9 33935 |a qbu |b qbu |c D3 |d 2014-12-15 |g 40000 |l 2 |m 1 |o 512 NG527D |p 1319.C40 |r 2015-12-22 |s 2015-08-25 |w 2014-12-15 |y STK |0 0 |6 512_000000000000000_NG527D |0 0 |0 0 | ||
| 952 | |0 0 |1 0 |2 ddc |4 0 |6 512_000000000000000_NG527D |7 0 |8 500 |9 33936 |a qbu |b qbu |c D3 |d 2014-12-15 |g 40000 |l 4 |o 512 NG527D |p 1319.C41 |r 2016-01-27 |s 2016-01-05 |w 2014-12-15 |y STK |0 0 |6 512_000000000000000_NG527D |0 0 |0 0 | ||
| 952 | |0 0 |1 0 |2 ddc |4 0 |6 512_000000000000000_NG527D |7 0 |8 500 |9 33937 |a qbu |b qbu |c D3 |d 2014-12-15 |g 40000 |l 1 |o 512 NG527D |p 1319.C42 |r 2015-08-18 |s 2015-06-25 |w 2014-12-15 |y STK |0 0 |6 512_000000000000000_NG527D |0 0 |0 0 | ||
| 952 | |0 0 |1 0 |2 ddc |4 0 |6 512_000000000000000_NG527D |7 0 |8 500 |9 33938 |a qbu |b qbu |c D3 |d 2014-12-15 |g 40000 |l 5 |m 1 |o 512 NG527D |p 1319.C43 |r 2016-09-12 |s 2016-09-08 |w 2014-12-15 |y STK |0 0 |6 512_000000000000000_NG527D |0 0 |0 0 | ||
| 952 | |0 0 |1 0 |2 ddc |4 0 |6 512_000000000000000_NG527D |7 0 |8 500 |9 107567 |a qbu |b qbu |c D3 |d 2016-06-09 |g 40000 |l 1 |o 512 NG527D |p 1319.c44 |r 2016-09-19 |s 2016-09-16 |w 2016-06-09 |y STK |0 0 |6 512_000000000000000_NG527D | ||
| 952 | |0 0 |1 0 |2 ddc |4 0 |6 512_000000000000000_NG527D |7 0 |8 500 |9 108459 |a qbu |b qbu |c D3 |d 2016-10-27 |g 40000 |o 512 NG527D |p 1319.c45 |r 0000-00-00 |w 2016-10-27 |y STK |0 0 |6 512_000000000000000_NG527D | ||